Statistiques concernant Pays qui produisent le plus de noix

Cliquez ici pour prendre le quiz!

Statistiques générales

  • Ce quiz a été pris 46 fois
  • Le résultat moyen est 6 sur 10

Statistiques - réponses

Production (en tonnes)Pays% Correct
37 000France
97%
1 586 000Chine
94%
613 000États-Unis
94%
159 000Mexique
82%
409 000Iran
64%
215 000Turquie
64%
127 000Ukraine
36%
56 000Roumanie
33%
83 000Chili
21%
35 000Ouzbékistan
9%

Distribution des résultats

Percentile par nombre de réponses

% des personnes avec chaque résultat

Votre développement - résultats

Vous n’avez pas pris ce quiz